Business communication :building critical skills. / (Record no. 8849)
[ view plain ]
| 000 -LEADER | |
|---|---|
| fixed length control field | 02251cam a2200337 a 4500 |
| 001 - CONTROL NUMBER | |
| control field | 12947852 |
| 003 - CONTROL NUMBER IDENTIFIER | |
| control field | OSt |
| 005 - DATE AND TIME OF LATEST TRANSACTION | |
| control field | 20220302111751.0 |
| 008 - FIXED-LENGTH DATA ELEMENTS--GENERAL INFORMATION | |
| fixed length control field | 020927s2004 nyua b 001 0 eng |
| 010 ## - LIBRARY OF CONGRESS CONTROL NUMBER | |
| LC control number | 20039058808 |
| 020 ## - INTERNATIONAL STANDARD BOOK NUMBER | |
| International Standard Book Number | 0070927286 |
| 040 ## - CATALOGING SOURCE | |
| Original cataloging agency | DLC |
| Transcribing agency | LC |
| Modifying agency | DLC |
| 042 ## - AUTHENTICATION CODE | |
| Authentication code | pcc |
| 050 00 - LIBRARY OF CONGRESS CALL NUMBER | |
| Classification number | HF5718.L63 |
| 082 00 - DEWEY DECIMAL CLASSIFICATION NUMBER | |
| Classification number | 651.7 |
| Edition number | 21 |
| 100 1# - MAIN ENTRY--PERSONAL NAME | |
| Personal name | Locker, Kitty O. |
| 245 10 - TITLE STATEMENT | |
| Title | Business communication :building critical skills. / |
| Statement of responsibility, etc. | Kitty O. Locker, Stephen Kyo Kaczmarek & Kathryn Braun. |
| 250 ## - EDITION STATEMENT | |
| Edition statement | 2nd Canadian ed. |
| 260 ## - PUBLICATION, DISTRIBUTION, ETC. | |
| Place of publication, distribution, etc. | New York: |
| Name of publisher, distributor, etc. | McGraw-Hill, |
| Date of publication, distribution, etc. | 2005. |
| 300 ## - PHYSICAL DESCRIPTION | |
| Extent | xxx, 626 p. : |
| Other physical details | ill. ; |
| Dimensions | 26 cm. |
| 504 ## - BIBLIOGRAPHY, ETC. NOTE | |
| Bibliography, etc. note | Includes bibliographical references and index. |
| 505 ## - FORMATTED CONTENTS NOTE | |
| Formatted contents note | Contents: Building effective messages: Introduction to business communication -- Adapting your message to your audience -- Communicating across cultures -- Planning, writing and revising -- Creating goodwill: You-attitude -- Positive emphasis -- Reader benefits -- Letters, memos and e-mail messages: Formats for letters and memos -- Informative and positive messages -- Negative messages -- Persuasive messages -- Email messages -- Polishing your writing: Editing for grammar and punctuation -- Choosing the right word -- Editing sentences and paragraphs -- Interpersonal communication: Listening -- Working and writing in teams -- Planning, managing and recording meetings -- Making oral presentations -- Research, reports and visuals: Finding, analyzing and documenting information -- Proposals and progress reports -- Short reports -- Long reports -- Using visuals -- Job hunting: Researching jobs -- Creating persuasive resumes -- Job application letters -- Preparing for job interviews -- After the interview: follow-up letters and emails and job offers -- |
| 650 #0 - SUBJECT ADDED ENTRY--TOPICAL TERM | |
| Topical term or geographic name entry element | Business communication. |
| 700 1# - ADDED ENTRY--PERSONAL NAME | |
| Personal name | Kaczmarek, Stephen Kyo. |
| 700 1# - ADDED ENTRY--PERSONAL NAME | |
| Fuller form of name | Braun, Kathryn |
| 856 42 - ELECTRONIC LOCATION AND ACCESS | |
| Materials specified | Publisher description |
| Uniform Resource Identifier | <a href="http://www.loc.gov/catdir/description/mh031/2002035595.html">http://www.loc.gov/catdir/description/mh031/2002035595.html</a> |
| 856 41 - ELECTRONIC LOCATION AND ACCESS | |
| Materials specified | Table of contents |
| Uniform Resource Identifier | <a href="http://www.loc.gov/catdir/toc/fy036/2002035595.html">http://www.loc.gov/catdir/toc/fy036/2002035595.html</a> |
| 906 ## - LOCAL DATA ELEMENT F, LDF (RLIN) | |
| a | 7 |
| b | cbc |
| c | orignew |
| d | 1 |
| e | ocip |
| f | 20 |
| g | y-gencatlg |
| 942 ## - ADDED ENTRY ELEMENTS (KOHA) | |
| Source of classification or shelving scheme | Library of Congress Classification |
| Koha item type | Books |
| Withdrawn status | Lost status | Source of classification or shelving scheme | Damaged status | Not for loan | Home library | Current library | Shelving location | Date acquired | Source of acquisition | Total Checkouts | Full call number | Barcode | Date last seen | Price effective from | Koha item type |
|---|---|---|---|---|---|---|---|---|---|---|---|---|---|---|---|
| Library of Congress Classification | WISCONSIN INTERNATIONAL UNIVERSITY COLLEGE, GHANA KUMASI LIBRARY | WISCONSIN INTERNATIONAL UNIVERSITY COLLEGE, GHANA KUMASI LIBRARY | General Stacks | 19/10/2020 | WIUC | HF5718.L63(2e) | K/2857/0009/20 | 02/03/2022 | 02/03/2022 | Books |
